[Event "Open"]
[Site "Liberec CZE"]
[Date "2004.10.28"]
[Round "6"]
[White "Maliszewski,J"]
[Black "Rynt,P"]
[Result "0-1"]
[WhiteElo "1983"]
[BlackElo "2108"]

1.c4 c6 2.e4 e6 3.Nc3 d5 4.d4 dxe4 5.Nxe4 Bb4+ 6.Nc3 Nf6 7.Qd3 O-O 8.Nf3 Nbd7
9.Bg5 Qc7 10.Be2 Re8 11.O-O Bd6 12.Rfe1 b6 13.Rad1 Bb7 14.h3 a6 15.Nd2 c5
16.Nde4 Nxe4 17.Nxe4 Bf8 18.Bf3 cxd4 19.Qxd4 Nc5 20.b3 Nxe4 21.Bxe4 Bc5 22.Qd7 Qg3
23.Be3 Bxe3 24.Rxe3 Qxe3 25.fxe3 Bxe4 26.Qd4 Bg6 27.Qxb6 a5 28.Rd7 h6 29.Qd4 Bf5
30.e4 e5 31.Qd3 Bxd7 32.Qxd7 Rad8 33.Qb5 Rd1+ 34.Kh2 Re6 35.Qxa5 Rf1 36.Qd2 Ref6
37.a4 R1f2 38.Qe3 Rb2 39.a5 h5 40.h4 Rf4 41.Kh3 g5 42.hxg5 Rb1 43.g3 Rff1
44.a6 Rb2 45.g4 Rh1+ 46.Kg3 h4+  0-1

[Event "36th Olympiad"]
[Site "Calvia ESP"]
[Date "2004.10.29"]
[Round "14"]
[White "Valdes,Le"]
[Black "Urbina,R"]
[Result "1/2-1/2"]
[WhiteElo "2372"]
[BlackElo "2247"]

1.c4 c6 2.Nf3 d5 3.b3 Nf6 4.g3 Bg4 5.Bg2 Nbd7 6.Bb2 e6 7.O-O Bd6 8.d3 O-O
9.Nbd2 Qe7 10.a3 Rfd8 11.h3  1/2-1/2

[Event "36th Olympiad"]
[Site "Calvia ESP"]
[Date "2004.10.29"]
[Round "14"]
[White "Bancod,R"]
[Black "Kovacova,Z"]
[Result "0-1"]
[WhiteElo "2374"]
[BlackElo "2039"]

1.c4 c6 2.Nc3 d5 3.cxd5 cxd5 4.d4 Nf6 5.Nf3 Nc6 6.g3 Bg4 7.Bg2 e6 8.O-O Bb4
9.Ne5 Nxe5 10.dxe5 Nd7 11.Bd2 O-O 12.a3 Ba5 13.b4 Bb6 14.h3 Bh5 15.g4 Bg6
16.Bf4 Rc8 17.Rc1 Rc4 18.e3 a6 19.Qd2 Bc7 20.e4 dxe4 21.Qe2 Rd4 22.Be3 Rd3
23.Nxe4 Rxa3 24.Qb2 Rd3 25.Qc2 Rxe3 26.fxe3 Bxe5 27.Qd2 Qe7 28.Nc5 Nxc5 29.bxc5 h5
30.gxh5 Bxh5 31.Qb4 Qg5 32.Rf4 Bxf4 33.exf4 Qg3 34.Rc3 Qe1+ 35.Kh2 Rd8 36.Rb3 Qxb4
37.Rxb4 Rd2 38.Kg3 Rc2 39.c6 b5 40.Rd4 Kf8 41.Rd7 Ke8 42.Ra7 b4 43.Rxa6 Bg6
44.Rb6 Rc3+ 45.Kf2 b3 46.Rb8+ Ke7 47.Rb7+ Kd8 48.Rb8+ Kc7 49.Rb7+ Kc8 50.Bf1 Rc2+
51.Ke3 b2 52.Ba6 Rxc6  0-1

[Event "36th Olympiad w"]
[Site "Calvia ESP"]
[Date "2004.10.29"]
[Round "14"]
[White "Reizniece,D"]
[Black "Zapata,K"]
[Result "1-0"]
[WhiteElo "2278"]
[BlackElo "2162"]

1.c4 c6 2.Nf3 d5 3.Qc2 Nf6 4.g3 g6 5.Bg2 Bg7 6.O-O O-O 7.d3 Nbd7 8.Nc3 e5
9.cxd5 cxd5 10.Bg5 Qc7 11.Rac1 d4 12.Nb5 Qa5 13.a4 a6 14.Nd6 Nb6 15.Bd2 Qxa4
16.Qxa4 Nxa4 17.Nxe5 Be6 18.Bxb7 Rad8 19.Ndc4 Rb8 20.Na5 Bc8 21.Bxc8 Rfxc8
22.Nec6 Nd5 23.Nxb8 Rxb8 24.Nc4 Bf8 25.Rc2 Rb3 26.Ra1 Bc5 27.Ne5 Rb5 28.Rxa4  1-0

[Event "Open"]
[Site "Liberec CZE"]
[Date "2004.10.30"]
[Round "9"]
[White "Ingason,S"]
[Black "Rynt,P"]
[Result "0-1"]
[WhiteElo "1948"]
[BlackElo "2108"]

1.c4 c6 2.Nf3 Nf6 3.g3 e6 4.b3 d5 5.Bb2 Bd6 6.Bg2 Nbd7 7.O-O O-O 8.d3 Re8
9.Nbd2 e5 10.e4 d4 11.a3 Nc5 12.Qc2 Bg4 13.b4 Ncd7 14.c5 Bc7 15.Nc4 h6 16.h3 Be6
17.Nfd2 Nh7 18.f4 f6 19.Nf3 exf4 20.g4 Ne5 21.Nxd4 Ng5 22.Nxe6 Nxe6 23.Rad1 Nd4
24.Qf2 f3 25.Bxd4 fxg2 26.Kxg2 Nxc4 27.dxc4 Rxe4 28.Be5 Qe7 29.Bd6 Qf7 30.Rfe1 Rae8
31.Rxe4 Rxe4 32.Qf5 Re2+ 33.Kg1 Re8 34.Qf4 Bd8 35.Qd4 Qg6 36.Qd3 Qf7 37.Bg3 Bc7
38.Bxc7 Qxc7 39.Qd6 Qf7 40.Qd4 h5 41.gxh5 Qxh5 42.Qg4 Qe5 43.Rd7 Qe1+  0-1

[Event "Open"]
[Site "Liberec CZE"]
[Date "2004.10.30"]
[Round "9"]
[White "Benes,Pe1"]
[Black "Brauer,C"]
[Result "1-0"]
[WhiteElo "2134"]
[BlackElo "2155"]

1.c4 c6 2.Nf3 d5 3.e3 Nf6 4.Qc2 g6 5.b3 Bf5 6.d3 Bg7 7.Bb2 O-O 8.Be2 Nbd7
9.O-O Bg4 10.Nbd2 e5 11.h3 Bxf3 12.Bxf3 Re8 13.Rfd1 Qe7 14.a4 Rac8 15.a5 e4
16.dxe4 dxe4 17.Nxe4 Nxe4 18.Bxe4 Qxe4 19.Qxe4 Rxe4 20.Bxg7 Nc5 21.Bc3 Nxb3
22.Rab1 Nc5 23.Bd4 b6 24.f3 Rh4 25.g4 Rxh3 26.Kg2 Rh6 27.Bxc5 bxc5 28.Rb7 a6
29.Rdd7 Rf8 30.Rd6 Kg7 31.Rxc6 g5 32.Rxh6 Kxh6 33.Rb6+ Kg7 34.Rxa6 Rc8 35.Rb6 Rc7
36.Kf2 Ra7 37.a6 Ra8 38.Rc6 Kf8 39.Ke2 Ke7 40.Kd3 Kd7 41.Rxc5 Rxa6 42.Rxg5 Ke7
43.Re5+ Kf6 44.f4 Ra1 45.Rb5 Rd1+ 46.Ke4 Rc1 47.g5+ Kg6 48.Rb6+ Kg7 49.Rc6 Rb1
50.Ke5 Rg1 51.Rd6 Rc1 52.Rd4 Rh1 53.c5 h6 54.gxh6+ Rxh6 55.Rc4 Re6+ 56.Kd4  1-0

[Event "Extraliga CZE 2004-5"]
[Site "Czech Rep CZE"]
[Date "2004.11.06"]
[Round "1"]
[White "Talla,V"]
[Black "Polak,T"]
[Result "0-1"]
[WhiteElo "2385"]
[BlackElo "2466"]

1.c4 c6 2.g3 d5 3.Bg2 Nf6 4.Nf3 Bg4 5.Ne5 Be6 6.cxd5 Bxd5 7.Nf3 g6 8.b3 Bg7
9.Bb2 O-O 10.Nc3 Bxf3 11.Bxf3 Nbd7 12.O-O Qb6 13.Qc2 Rfd8 14.Rab1 e6 15.Bg2 a5
16.a3 Rac8 17.b4 axb4 18.axb4 Qxb4 19.Ba1 Qd6 20.Rxb7 Nc5 21.Rb6 Qxd2 22.Qxd2 Rxd2
23.Rxc6 Rxc6 24.Bxc6 Nb3 25.Rb1 Nxa1 26.Rxa1 Rc2 27.Ne4 Nxe4 28.Bxe4 Rxe2
29.Bf3 Rc2 30.Re1 Bd4 31.Re2 Rc4 32.h4 h5 33.Kg2 Kg7 34.Rd2 f5 35.Bd1 Kf6
36.Rc2 Rb4 37.Bf3 Bb6 38.Bc6 Ke7 39.f4 Bd4 40.Bf3 Kd6 41.Rc6+ Kd7 42.Rc2 e5
43.fxe5 Bxe5 44.Bd5 Rg4 45.Bf3 Rxg3+ 46.Kf2 Rh3 47.Rc4 Bg3+ 48.Kg2 Rxh4 49.Rc6 Bd6
50.Ra6 Rh2+ 51.Kg1 Rd2 52.Ra4 Ke7 53.Rc4 Kf6 54.Ra4 Kg5 55.Rc4 Bf4 56.Rc6 h4
57.Bg2 Rd3 58.Bf1 Rd1 59.Rc3 Kg4 60.Kg2 h3+ 61.Kf2 h2  0-1

[Event "WYg14"]
[Site "Heraklio GRE"]
[Date "2004.11.06"]
[Round "3"]
[White "Zinchenko,Yl"]
[Black "Tairova,E"]
[Result "0-1"]
[WhiteElo "1918"]
[BlackElo "2271"]

1.c4 c6 2.Nc3 d5 3.d4 e5 4.e3 e4 5.f3 Nf6 6.cxd5 cxd5 7.fxe4 dxe4 8.Qc2 Bb4
9.Bc4 O-O 10.Ne2 Nc6 11.a4 Bg4 12.Ng3 Rc8 13.Qd2 Nxd4 14.Bxf7+ Rxf7 15.exd4 e3
16.Qd3 Nd5 17.Ne4 Nf4 18.Qc2 Qxd4  0-1

[Event "TCh-SWE Elitserien 2004-5"]
[Site "Skara SWE"]
[Date "2004.11.06"]
[Round "2"]
[White "Cramling,D"]
[Black "Svensson,B"]
[Result "1/2-1/2"]
[WhiteElo "2425"]
[BlackElo "2390"]

1.c4 c6 2.e4 d5 3.exd5 cxd5 4.cxd5 Nf6 5.Nc3 Nxd5 6.Nf3 e6 7.d4 Bb4 8.Qc2 Nc6
9.Be2 O-O 10.O-O Be7 11.Rd1 Bf6 12.Qe4 Nce7 13.Ne5 Bd7 14.Bd3 g6 15.Bh6 Bg7
16.Bxg7 Kxg7 17.Nxd5 Nxd5 18.h4 Ba4 19.Rdc1 Rc8 20.Bc4 Bc6 21.Nxc6 Rxc6 22.Bxd5 exd5
23.Qe5+ Kg8 24.Rxc6 bxc6 25.Rc1  1/2-1/2

[Event "TCh-BEL 2004-5"]
[Site "Belgium BEL"]
[Date "2004.11.07"]
[Round "3"]
[White "Deleyn,G"]
[Black "Cappon,J"]
[Result "1/2-1/2"]
[WhiteElo "2285"]
[BlackElo "2186"]

1.c4 c6 2.b3 d5 3.Bb2 Nf6 4.g3 Bf5 5.Nf3 Nbd7 6.Bg2 e6 7.O-O Bd6 8.d4 O-O
9.Nc3 a6 10.Nh4 Bg4 11.Qd3 b5 12.e4 dxc4 13.bxc4 e5 14.cxb5 axb5 15.h3 exd4
16.Nxb5 cxb5 17.hxg4 Bc5 18.g5 Ne5 19.Qxb5 Nfd7 20.Rab1 Rb8  1/2-1/2

[Event "V Open"]
[Site "Sauzal ESP"]
[Date "2004.11.07"]
[Round "8"]
[White "Vidarte Morales,A"]
[Black "Pinto Henriquez,R"]
[Result "1-0"]
[WhiteElo "2375"]
[BlackElo "2251"]

1.c4 c6 2.Nf3 d5 3.e3 Nf6 4.Nc3 g6 5.d4 Bg7 6.Bd3 O-O 7.O-O Bf5 8.Bxf5 gxf5
9.Qe2 Ne4 10.Bd2 e6 11.Rfc1 Nd7 12.Be1 a6 13.Rc2 b5 14.cxd5 cxd5 15.Rac1 Nd6
16.a4 Qb6 17.Na2 Rfc8 18.a5 Qb7 19.Nb4 Rc4 20.b3 Rxc2 21.Rxc2 Rc8 22.Qd1 Nb8
23.Ne5 Rxc2 24.Qxc2  1-0

[Event "WYb16"]
[Site "Heraklio GRE"]
[Date "2004.11.08"]
[Round "6"]
[White "Chadaev,N"]
[Black "Rodshtein,M"]
[Result "0-1"]
[WhiteElo "2443"]
[BlackElo "2377"]

1.c4 c6 2.Nf3 Nf6 3.g3 d5 4.Qc2 g6 5.b3 Bg7 6.Bb2 O-O 7.d3 Bg4 8.Nbd2 Nbd7
9.Bg2 Re8 10.O-O e5 11.e4 dxe4 12.dxe4 Qc7 13.b4 b6 14.h3 Be6 15.Ng5 Nf8
16.f4 exf4 17.gxf4 Bc8 18.e5 Nh5 19.Nge4 Bf5 20.Qb3 Ne6 21.Nd6 Nexf4 22.Nxf5 gxf5
23.Rae1 Re6 24.Nf3 Rd8 25.Re3 Nxg2 26.Kxg2 Rg6+ 27.Kf2 Bh6 28.Rd3 Rxd3 29.Qxd3 Rg2+
30.Ke1 Nf4 31.Qxf5 Rxb2 32.Rg1+ Ng6 33.h4 Qe7 34.a3 Qe6 35.Qd3 Qh3 36.Qd8+ Bf8
37.Qd3 Be7  0-1

[Event "Bundesliga 2004-5"]
[Site "Preetzer GER"]
[Date "2004.11.14"]
[Round "2"]
[White "Fridman,D2"]
[Black "Pedersen,Stef"]
[Result "1/2-1/2"]
[WhiteElo "2578"]
[BlackElo "2441"]

1.c4 c6 2.e4 d5 3.exd5 cxd5 4.d4 Nf6 5.Nc3 Nc6 6.Bg5 Qa5 7.a3 dxc4 8.d5 Ne5
9.Qd4 h6 10.Bh4 Ng6 11.Bg3 e5 12.Qxc4 Bd7 13.Qb3 Bc5 14.Nf3 O-O 15.Be2 Bd4
16.O-O Bxc3 17.Qxc3 Qxc3 18.bxc3 Nxd5 19.Bc4 Ndf4 20.Bxf4 exf4 21.Bd5 Rac8
22.Bxb7 Rxc3 23.Rfc1 Rxc1+ 24.Rxc1 Rb8 25.Be4 Rc8 26.Rd1 Ba4 27.Rb1 Bc6 28.Bxc6 Rxc6
29.h4 f6 30.Nd4 Rc5 31.Ne6 Re5 32.h5 Rxh5 33.Rb7 Re5 34.Rxg7+ Kh8 35.Rxg6 Rxe6
36.Rxh6+ Kg7 37.Rh3 Re1+ 38.Kh2 Ra1 39.Rf3 Kg6 40.Rxf4  1/2-1/2

[Event "Bundesliga 2004-5"]
[Site "Preetzer GER"]
[Date "2004.11.14"]
[Round "2"]
[White "Schebler,G"]
[Black "Skytte,R"]
[Result "1-0"]
[WhiteElo "2496"]
[BlackElo "2392"]

1.c4 c6 2.g3 d5 3.Bg2 Nf6 4.Nf3 dxc4 5.O-O Qd5 6.Na3 Be6 7.b3 cxb3 8.axb3 Nbd7
9.Nc4 Qh5 10.d3 Bh3 11.Qc2 Bxg2 12.Kxg2 e6 13.Bf4 Nd5 14.Bd6 Ne7 15.Ra5 c5
16.Bxc5 Nc6 17.Bxf8 Nxa5 18.Bxg7 Rg8 19.Bc3 Nxc4 20.bxc4 b5 21.Rb1 bxc4 22.Qa4 Qc5
23.Ne5 Qc7 24.Nxc4 Rg5 25.Ba5 Qc5 26.e4 f6 27.Bb4  1-0

[Event "TCh-AUT"]
[Site "Graz AUT"]
[Date "2004.11.20"]
[Round "2"]
[White "Weiss,C"]
[Black "Gaertner,G"]
[Result "1/2-1/2"]
[WhiteElo "2422"]
[BlackElo "2336"]

1.c4 c6 2.e4 d5 3.exd5 cxd5 4.d4 e6 5.Nc3 Nf6 6.Nf3 Bb4 7.Bd3 dxc4 8.Bxc4 O-O
9.O-O b6 10.Bg5 Bxc3 11.bxc3 Bb7 12.Bd3 Nbd7 13.Bh4 Qc7 14.Rc1 Be4 15.Re1 Bxd3
16.Qxd3 Rac8 17.c4 Qb7 18.Qa3 Rfe8 19.Bg3 Nb8 20.Be5 Nbd7 21.Bd6 Ne4 22.Bf4 Nef6
23.h3 Nb8 24.Be5 Nbd7 25.Bd6 Ne4 26.Bf4 Nef6 27.Bd6  1/2-1/2

[Event "TCh-ISL 2004-5"]
[Site "Reykjavik ISL"]
[Date "2004.11.20"]
[Round "2"]
[White "Johannesson,I"]
[Black "Ragnarsson,J"]
[Result "1-0"]
[WhiteElo "2310"]
[BlackElo "2119"]

1.c4 c6 2.Nf3 d5 3.e3 Bg4 4.Nc3 e6 5.cxd5 exd5 6.h3 Bh5 7.d4 Bd6 8.Bd3 Nf6
9.Bd2 Nbd7 10.Qc2 O-O 11.Nh4 Rc8 12.Nf5 Bb8 13.b4 Kh8 14.a4 a5 15.Ne2 Bxe2
16.Kxe2 g6 17.Nh4 axb4 18.Bxb4 Re8 19.Nf3 c5 20.dxc5 Nxc5 21.Bb5 Re4 22.Qb2 Rxb4
23.Qxb4 Bd6 24.Qb2 Ne4 25.Rac1 Ra8 26.Rhd1 Bf8 27.Kf1 Bg7 28.Qc2 Qa5 29.Qc7 b6
30.Kg1 Qb4 31.Qb7 Rf8 32.Qc6 Qb3 33.Qc2 Qa3 34.Rd3 Qd6 35.Rdd1 Bh6 36.Qb2 Kg8
37.Rc6 Qd8 38.Qd4 Bg7 39.Qxb6 Qe7 40.Qa5 Qa3 41.Qe1 Bh6 42.Rd3 Qb2 43.Nd4 Bg5
44.Rc2  1-0

[Event "10th It"]
[Site "Tuzla BIH"]
[Date "2004.11.20"]
[Round "2"]
[White "Tomic,Bos"]
[Black "Avdic,A"]
[Result "1/2-1/2"]
[WhiteElo "2284"]
[BlackElo "2261"]

1.c4 c6 2.Nf3 d5 3.d4 Nf6 4.Nc3 e6 5.Bg5 h6 6.Bh4 dxc4 7.e4 b5 8.e5 g5 9.Nxg5 hxg5
10.Bxg5 Nbd7 11.exf6  1/2-1/2

[Event "TCh-BEL 2004-5"]
[Site "Belgium BEL"]
[Date "2004.11.21"]
[Round "4"]
[White "Schneider,Bernd1"]
[Black "Boidman,Y"]
[Result "0-1"]
[WhiteElo "2441"]
[BlackElo "2404"]

1.c4 c6 2.Nf3 d5 3.d4 Nf6 4.Nc3 e6 5.Bg5 Nbd7 6.e3 Qa5 7.Nd2 Bb4 8.Qc2 O-O
9.Bxf6 Nxf6 10.Bd3 Re8 11.O-O e5 12.Nb3 Qd8 13.cxd5 Bxc3 14.bxc3 e4 15.Be2 Qxd5
16.Rae1 Qg5 17.f4 Qh4 18.Nd2 Nd5 19.Bc4 Nf6 20.Be2 Bf5 21.Nc4 Nd5 22.Qd2 Re6
23.Rf2 Rd8 24.Rb1 b6 25.Bf1 Qe7 26.a4 f6 27.Be2 h5 28.Bxh5 c5 29.Rc1 Rc6
30.Qb2 Rdc8 31.Rfc2 cxd4 32.cxd4 Nb4 33.Rc3 a5 34.Qa3 Be6 35.Be2 Qc7 36.Qb3 Nd5
37.Nxb6 Nxb6  0-1

[Event "17th Belgrade Trophy"]
[Site "Obrenovac SCG"]
[Date "2004.11.22"]
[Round "1"]
[White "Raicevic,V1"]
[Black "Miloradovic,J"]
[Result "1-0"]
[WhiteElo "2461"]
[BlackElo "2133"]

1.c4 c6 2.d4 d5 3.Nc3 Nf6 4.e3 a6 5.a4 e6 6.Nf3 Bb4 7.Bd2 O-O 8.b3 a5 9.Bd3 Bxc3
10.Bxc3 Ne4 11.Bb2 f5 12.O-O Nd7 13.Qe2 Rf6 14.Rfd1 Rh6 15.Nd2 Nxd2 16.Rxd2 Qh4
17.h3 Nf6 18.f3 Rg6 19.Kh2 Qg3+ 20.Kh1 Nh5 21.Qf2 Qg5 22.Ba3 Qd8 23.g4 Nf6
24.Rg1 b6 25.g5 Ne8 26.h4 h6 27.f4 hxg5 28.fxg5 dxc4 29.bxc4 Bb7 30.c5 bxc5
31.Bxc5 Nc7 32.Qg3 Qd5+ 33.Kh2 Na6 34.Bxa6  1-0

[Event "It"]
[Site "Piestany SVK"]
[Date "2004.11.25"]
[Round "10"]
[White "Lyanguzov,O"]
[Black "Smolen,J"]
[Result "1/2-1/2"]
[WhiteElo "2326"]
[BlackElo "2334"]

1.c4 c6 2.Nf3 d5 3.b3 Bg4 4.Ne5 Bf5 5.Bb2 f6 6.Nf3 e5 7.e3 Bd6 8.d3 Ne7 9.Be2 O-O
10.O-O Nd7 11.Nc3 Be6 12.Re1 Ng6 13.cxd5 cxd5 14.Qd2 a6 15.Bf1 b5 16.Rac1 b4
17.Na4 Ne7 18.Rc2 Qe8 19.Rec1 Bg4 20.Ne1 f5 21.d4 e4 22.f4 exf3 23.gxf3 Bh5
24.f4 Rf6 25.Nc5 Rg6+ 26.Kh1 Nf6 27.Qxb4 Ne4 28.Qa4 Qf7 29.Ncd3 Qf6 30.Ng2 Bf3
31.Ne1 Qh4 32.Nxf3 Nf2+  1/2-1/2

[Event "17th Belgrade Trophy"]
[Site "Obrenovac SCG"]
[Date "2004.11.26"]
[Round "5"]
[White "Begovic,I"]
[Black "Damjanovic,D"]
[Result "1-0"]
[WhiteElo "1957"]
[BlackElo "2321"]

1.c4 c6 2.Nf3 d5 3.e3 Nf6 4.d4 g6 5.Be2 Bg7 6.O-O O-O 7.Nc3 Bg4 8.b3 e6 9.h3 Bxf3
10.Bxf3 Nbd7 11.Be2 Re8 12.Qc2 a6 13.Bd2 Rc8 14.Rad1 b5 15.a3 Nb6 16.c5 Nbd7
17.f4 Nf8 18.Be1 N8d7 19.e4 Qe7 20.e5 Nxc5 21.dxc5 Qxc5+ 22.Bf2 Qxa3 23.Ra1 Qb4
24.Bh4 g5 25.Bxg5 Qc5+ 26.Kh1 d4 27.Rf3 b4 28.Bd3 dxc3 29.h4 h6 30.Bxf6 Bxf6
31.exf6 Qh5 32.Rh3  1-0

[Event "17th Belgrade Trophy"]
[Site "Obrenovac SCG"]
[Date "2004.11.26"]
[Round "5"]
[White "Raicevic,V1"]
[Black "Dimitrijevic,A"]
[Result "1/2-1/2"]
[WhiteElo "2461"]
[BlackElo "2289"]

1.c4 c6 2.d4 d5 3.Nc3 Nf6 4.e3 g6 5.Nf3 Bg7 6.h3 O-O 7.Bd3 dxc4 8.Bxc4 b5
9.Bd3 Bb7 10.O-O Nbd7 11.a3 Re8 12.e4 e5 13.dxe5 Nxe5 14.Nxe5 Rxe5 15.Qc2 c5
16.Bf4 Re7 17.e5 Nd5 18.Bg5 Nxc3 19.Bxe7 Qxe7 20.bxc3 Qxe5 21.Bxb5 Qg5 22.f3 Qe3+
23.Kh1 Bxc3 24.Rac1 Bd4 25.a4 Qf4 26.Rfe1 Rd8 27.Rcd1 Qg3 28.Qb3 Bd5 29.Qd3 Kg7
30.Rc1 Rd6 31.Bc4 Bxc4 32.Qxc4 Be5 33.f4 Rd2 34.Rg1 Bd4 35.a5 h5 36.Qd5 Qxf4
37.Rgf1 Rf2 38.Qc4 Rxf1+ 39.Rxf1 Qc7 40.a6 f5 41.Qd5 Qf7 42.Qb7 Kf6 43.Re1 f4
44.h4 Be3 45.Rd1 Bd4 46.Qe4 Kg7 47.Rb1 Qf6 48.Rb7+ Kf8 49.Rb8+ Kg7 50.Rb7+ Kf8
51.Rb8+  1/2-1/2

[Event "Stek Cup"]
[Site "Tula RUS"]
[Date "2004.11.27"]
[Round "11"]
[White "Shestakov,Se"]
[Black "Zhavoronkov,E"]
[Result "1-0"]
[WhiteElo "2342"]
[BlackElo "2279"]

1.c4 c6 2.Nf3 d5 3.e3 Nf6 4.Nc3 e6 5.Qc2 Be7 6.d4 O-O 7.Bd2 dxc4 8.Bxc4 b5
9.Bd3 a6 10.Ne4 Nfd7 11.b4 f5 12.Ng3 Bd6 13.O-O Qe7 14.a3 g6 15.e4 f4 16.Ne2 e5
17.Qb3+ Qf7 18.Qxf7+ Rxf7 19.Bc2 Rf8 20.Bb3+ Kg7 21.Bc3 exd4 22.Bxd4+ Kh6
23.e5 Be7 24.e6 Nf6 25.Nxf4 a5 26.Ne5  1-0

[Event "Open"]
[Site "Porec HUN"]
[Date "2004.12.02"]
[Round "2"]
[White "Sikanjic,B"]
[Black "Zecevic,Dea"]
[Result "0-1"]
[WhiteElo "2153"]
[BlackElo "2395"]

1.c4 c6 2.Nf3 d5 3.b3 Bf5 4.Bb2 e6 5.g3 h6 6.Bg2 Nf6 7.O-O Be7 8.d3 O-O 9.Nbd2 Nbd7
10.a3 a5 11.Qc2 Bh7 12.Bc3 b5 13.Rfc1 Qb6 14.Qb2 b4 15.axb4 axb4 16.Bxf6 Bxf6
17.d4 Rxa1 18.Rxa1 c5 19.e3 cxd4 20.exd4 Nc5 21.Ne1 Nd3 22.c5 Nxc5 23.Ndf3 Ne4
24.Nd3 Nxg3 25.Nxb4 Nf5 26.Nc2 Rc8 27.Bf1 Bg6 28.Ra6 Qc7 29.Ne3 Qf4 30.Nxf5 Qxf3
31.Ne3 Rc2  0-1

[Event "TCh-BEL 2004-5"]
[Site "Belgium BEL"]
[Date "2004.12.05"]
[Round "5"]
[White "Cekro,E"]
[Black "Bergez,L"]
[Result "1-0"]
[WhiteElo "2433"]
[BlackElo "2395"]

1.c4 c6 2.b3 d5 3.Bb2 Bg4 4.g3 e6 5.Bg2 Nd7 6.Nf3 Ngf6 7.O-O Be7 8.d3 O-O
9.Nbd2 a5 10.a3 b5 11.Qc2 a4 12.b4 bxc4 13.dxc4 c5 14.cxd5 Nxd5 15.bxc5 Bxc5
16.Nc4 Qc7 17.Nfe5 Nxe5 18.Bxe5 Qa7 19.Rac1 Rac8 20.Qd2 Qe7 21.e4 Nf6 22.Nd6 Bxd6
23.Bxd6 Qd7 24.e5 Rxc1 25.Qxc1 Nd5 26.Bxf8 Kxf8 27.Qc4 Bf5 28.Rd1 g5 29.Bxd5 exd5
30.Qxd5 Qxd5 31.Rxd5 Ke7 32.Rd6 g4 33.Kf1 Be6 34.Ke1 f6 35.Rd4 fxe5 36.Rxa4  1-0

[Event "Extraliga CZE 2004-5"]
[Site "Czech Rep CZE"]
[Date "2004.12.05"]
[Round "4"]
[White "Neuman,P"]
[Black "Cech,P"]
[Result "1/2-1/2"]
[WhiteElo "2433"]
[BlackElo "2403"]

1.c4 c6 2.d4 d5 3.e3 Nf6 4.Nc3 g6 5.Nf3 Bg7 6.Bd3 Bg4 7.h3 Bxf3 8.Qxf3 O-O
9.O-O Qd6 10.Rd1 Nbd7 11.cxd5 cxd5 12.Qe2 Rac8 13.Bd2 a6 14.Be1 e5 15.dxe5 Qxe5
16.Rac1 Nc5 17.Bb1 Rfd8 18.Qf3 Ne6 19.Qe2 Qg5 20.f4 Qh5 21.Qxh5 Nxh5 22.g4 Nf6
23.Bh4 d4 24.Ne4 Rxc1 25.Rxc1 g5 26.fxg5 Nxe4 27.Bxe4 Re8 28.Bxb7 dxe3 29.Bxa6 Bxb2
30.Rc8 Rxc8 31.Bxc8 Nf4 32.Ba6 e2 33.Be1 Bd4+ 34.Kh2 Be5 35.Kh1 Kf8 36.h4 Ke7
37.Kg1 Bd4+ 38.Kh2 Be5 39.Kg1 Bd4+ 40.Kh2 Be5 41.Kg1  1/2-1/2

[Event "Open"]
[Site "Porec HUN"]
[Date "2004.12.05"]
[Round "7"]
[White "Muslija,I"]
[Black "Trtanj,T"]
[Result "1-0"]
[WhiteElo "2204"]
[BlackElo "2112"]

1.c4 c6 2.d4 d5 3.e3 e6 4.Nf3 Bd6 5.Bd3 f5 6.b3 Nf6 7.O-O O-O 8.Ba3 Bxa3
9.Nxa3 Bd7 10.Qc2 Qe7 11.Qb2 Ne4 12.Nc2 Be8 13.Ne5 Nd7 14.Nxd7 Qxd7 15.f3 Nf6
16.Ne1 Bg6 17.Bc2 Qe7 18.Nd3 Nd7 19.Rab1 Rae8 20.Qc3 Qd6 21.c5 Qc7 22.f4 Bh5
23.b4 a5 24.a3 axb4 25.axb4 Ra8 26.Kf2 Ra2 27.Ra1 Rfa8 28.Kg1 Nf6 29.Ne5 R8a3
30.Qxa3 Rxa3 31.Rxa3 g5 32.Bd3 gxf4 33.exf4 Ng4 34.Ra7 Kg7 35.Ba6 Kh6 36.Rxb7 Qd8
37.Re1 Nxh2 38.g3 Qa8 39.Rb6 Nf3+ 40.Nxf3 Bxf3 41.Rxe6+ Kh5 42.Rbxc6 Kg4
43.Kf2 Qh8 44.Rf6 Qg7 45.Bd3  1-0

[Event "Region Champ"]
[Site "Voronezh RUS"]
[Date "2004.12.05"]
[Round "3"]
[White "Chuprikov,D"]
[Black "Severgin,V"]
[Result "1/2-1/2"]
[WhiteElo "2396"]
[BlackElo "2229"]

1.c4 c6 2.Nf3 d5 3.e3 Nf6 4.b3 g6 5.Bb2 Bg7 6.Be2 O-O 7.O-O a5 8.Nc3 Ne4
9.Na4 Bxb2 10.Nxb2 Na6 11.Rc1 Qd6 12.Na4 Bg4 13.d3 Nf6 14.c5 Qc7 15.Nb6 Ra7
16.d4 Bxf3 17.Bxf3 Nb8 18.Be2 Nfd7 19.Na4 e5 20.f4 exf4 21.Rxf4 f5 22.g4 fxg4
23.Rxf8+ Nxf8 24.Bxg4 Qe7 25.Qf3 Nbd7 26.Re1 Ra8 27.e4 Qh4 28.Qg3 Qxg3+ 29.hxg3 Nf6
30.Bf3 dxe4 31.Bxe4 Re8 32.Nc3 Ne6 33.Bg2 Nxd4 34.Rxe8+ Nxe8 35.Bh3 Nf5 36.g4 Nd4
37.g5 Nf3+ 38.Kf2 Nxg5 39.Bc8 Nc7 40.Bxb7 Nce6 41.Bxc6 Nxc5 42.Ke3 Nge6 43.Bd5 Kf8
44.a3 Ke7 45.b4 axb4 46.axb4 Nd7 47.Ne4 h6 48.Nd2 Nb6 49.Bb3 Kd6 50.Nc4+ Nxc4+
51.Bxc4 g5 52.Ke4 g4 53.b5 h5 54.b6 Nc5+ 55.Kf4 Kc6  1/2-1/2

[Event "Open"]
[Site "Zadar CRO"]
[Date "2004.12.14"]
[Round "3"]
[White "Lalic,B"]
[Black "Guid,M"]
[Result "1-0"]
[WhiteElo "2515"]
[BlackElo "2258"]

1.c4 c6 2.e4 d5 3.cxd5 cxd5 4.exd5 Nf6 5.Nc3 g6 6.Bc4 Bg7 7.Nge2 O-O 8.d3 Nbd7
9.O-O b6 10.Re1 Bb7 11.Nf4 Nc5 12.Qe2 Na6 13.Qxe7 Re8 14.Qxd8 Raxd8 15.Bd2 g5
16.Rxe8+ Rxe8 17.Nfe2 h6 18.Ng3 Nb4 19.d6 Bf8 20.a3 Nc2 21.Rc1 Nd4 22.Be3 Ne6
23.Nb5 Nf4 24.Bxf7+ Kxf7 25.Rc7+ Ke6 26.Rxb7 Bxd6 27.Rxa7 Nxd3 28.Nxd6 Kxd6
29.h3 Nd5 30.Nf5+ Ke5 31.Nxh6 Nxe3 32.fxe3 Nxb2 33.Ng4+ Kd6 34.Rg7 Nc4 35.a4 Nb2
36.Rxg5 Nxa4 37.h4 Nc3 38.h5 b5 39.h6 b4 40.Ne5 Ne4 41.Nc4+ Kc6 42.Re5  1-0

[Event "ch-IND"]
[Site "Visakhapatnam IND"]
[Date "2004.12.15"]
[Round "16"]
[White "Roktim,B"]
[Black "Sriram,J"]
[Result "1/2-1/2"]
[WhiteElo "2345"]
[BlackElo "2431"]

1.c4 c6 2.Nf3 d5 3.d4 e6 4.Qc2 Nf6 5.g3 Bb4+ 6.Nbd2 O-O 7.Bg2 Ne4 8.O-O f5
9.c5 Ba5 10.Nb3 Bc7 11.Bf4 b6 12.Bxc7 Qxc7 13.Ne5 Ba6 14.Bxe4 fxe4 15.f3 exf3
16.Rxf3 Nd7 17.cxb6 axb6 18.Qxc6 Qxc6 19.Nxc6 Bxe2 20.Rxf8+ Rxf8 21.Nb4 Nf6
22.Re1 Bg4 23.Nd2 Rc8 24.Kf2 Bf5 25.Ke2 Kf8 26.Nb3 Bg4+ 27.Ke3 Bh3 28.Rc1 Ng4+
29.Kf4 Rxc1 30.Nxc1 h6 31.Nbd3 g5+ 32.Kf3 Nxh2+ 33.Kf2 Ng4+ 34.Kf3 Ke7 35.Ne5 Nxe5+
36.dxe5 h5 37.Nb3 Bg4+ 38.Kg2 Kd7 39.Nd4 Kc7 40.b4 Kb7 41.Kh2 Kc7 42.a3 Kd7
43.Kg1 Bd1 44.Kh2 Ke7 45.Kg2 Kf7 46.Kh2 Ba4 47.Kg2 Bd7 48.Kh3 Kg6 49.g4 hxg4+
50.Kxg4 Ba4 51.Kg3 Bd1 52.Kh3 Ba4 53.Kg3 Bd1 54.Kh3 Kf7 55.Kg3 Ke7 56.Kh3 Kd7
57.a4 Bxa4 58.Kg4 Ke7  1/2-1/2

[Event "zt 3.1"]
[Site "Beirut LIB"]
[Date "2004.12.17"]
[Round "5"]
[White "Ermenkov,E"]
[Black "Al Sayed,Mohamad"]
[Result "1/2-1/2"]
[WhiteElo "2454"]
[BlackElo "2454"]

1.c4 c6 2.e4 d5 3.exd5 cxd5 4.cxd5 Nf6 5.Nc3 Nxd5 6.Nf3 Nc6 7.Bc4 e6 8.O-O Be7
9.d4 O-O 10.Re1 Qd6 11.Ne4 Qc7 12.a3 Rd8 13.Ba2 h6 14.Qd3 Qb6 15.b4 Nf6 16.Be3 Nxe4
17.Qxe4 Qb5 18.Rad1 Bf6 19.g4 Ne7 20.Bb1 Ng6 21.Ba2 Bd7 22.d5 Re8 23.g5 hxg5
24.Nxg5 Bxg5 25.Bxg5 exd5 26.Qxd5 Rxe1+ 27.Rxe1 Qxd5 28.Bxd5 Bc6 29.Bxc6 bxc6
30.Rc1 Ne5 31.Be3 a5 32.Rc5 axb4 33.Rxe5 bxa3 34.Bd4 a2 35.Re1 c5 36.Ba1 Rb8
37.Kf1 g5 38.Ke2 Kh7 39.Kd2 Rb1 40.Rc1 Kg6 41.Kc2 Rxc1+ 42.Kxc1 Kf5 43.Kb2 Ke4
44.Kxa2 Kf3 45.Bf6 g4 46.Bh4 f5 47.Kb3 f4 48.Kc4 Kg2 49.Bg5 g3 50.fxg3 fxg3
51.h4 Kf3 52.Be7 g2 53.Bxc5 Kg4 54.Bf2 g1=Q 55.Bxg1 Kxh4  1/2-1/2

[Event "Open"]
[Site "Zadar CRO"]
[Date "2004.12.17"]
[Round "7"]
[White "Sebenik,M"]
[Black "Dizdarevic,E"]
[Result "0-1"]
[WhiteElo "2413"]
[BlackElo "2538"]

1.c4 c6 2.Nf3 d5 3.e3 Nf6 4.d4 Bf5 5.Nc3 e6 6.Nh4 Be4 7.f3 Bg6 8.Qb3 Qb6
9.Nxg6 hxg6 10.Bd2 Nbd7 11.g3 a5 12.Kf2 Qa7 13.Kg2 Be7 14.cxd5 exd5 15.Qc2 Nf8
16.Rd1 Ne6 17.Be1 O-O 18.Bf2 Rfd8 19.Be2 a4 20.e4 dxe4 21.d5 exf3+ 22.Bxf3 Nc5
23.Rhe1 Bf8 24.dxc6 bxc6 25.Bxc6 Rxd1 26.Qxd1 Rb8 27.Re2 a3 28.b3 Qc7 29.Bf3 Nxb3
30.Rc2 Na5 31.Nd5 Qd6 32.Bc5 Qe6 33.Bxf8 Kxf8 34.Qd4 Qd6 35.Qc5 Nb7 36.Qb5 Nd8
37.Qc4 Ne6 38.Nxf6 gxf6 39.Qc3 Kg7 40.Rd2 Qe7 41.Bd5 Rd8 42.Bb3 Rxd2+ 43.Qxd2 Nc5
44.Bd5 Qe5 45.Kf2 Qf5+ 46.Kg2 Nd3 47.Bf3 Ne5 48.Bd5 Qb1 49.Bb3 Qe4+ 50.Kf2 Qf3+  0-1

[Event "XIII Open"]
[Site "Erandio ESP"]
[Date "2004.12.21"]
[Round "6"]
[White "Garrido Ligarreta,J"]
[Black "Galzagorri Uli,Y"]
[Result "1-0"]
[WhiteElo "2073"]
[BlackElo "2205"]

1.c4 c6 2.e4 d5 3.cxd5 cxd5 4.exd5 Nf6 5.Bb5+ Nbd7 6.Nc3 g6 7.d4 Bg7 8.d6 a6
9.dxe7 Qxe7+ 10.Be2 O-O 11.Nf3 b5 12.O-O Bb7 13.Bf4 b4 14.Na4 Nd5 15.Bg3 f5
16.Bc4 f4 17.Bh4 Qd6 18.Re1 Rae8 19.Qb3 Kh8 20.Ng5 Rxe1+ 21.Rxe1 N7f6 22.Nc5 Ba8
23.f3 Ne3 24.Nf7+ Rxf7 25.Bxf7 Qxd4 26.Nd3 g5 27.Bf2 Ne4 28.Qxb4 Qxb4 29.Nxb4 Nxf2
30.Kxf2 Bd4 31.Ke2 Kg7 32.Bb3 g4 33.Nc2 Bb6 34.Nxe3 fxe3 35.Rd1 Bc5 36.Bd5  1-0